Contribution of geographical information systems to the management of volcanic crises (Record no. 46541)

000 -LEADER
fixed length control field 00407pab a2200145 454500
008 - FIXED-LENGTH DATA ELEMENTS--GENERAL INFORMATION
fixed length control field 180718b2000 xxu||||| |||| 00| 0 eng d
100 ## - MAIN ENTRY--PERSONAL NAME
Personal name Gomez-Fernandez, Francisca
245 ## - TITLE STATEMENT
Title Contribution of geographical information systems to the management of volcanic crises
260 ## - PUBLICATION, DISTRIBUTION, ETC.
Date of publication, distribution, etc. 2000
300 ## - PHYSICAL DESCRIPTION
Extent p.347-60
362 ## - DATES OF PUBLICATION AND/OR SEQUENTIAL DESIGNATION
Dates of publication and/or sequential designation May
650 ## - SUBJECT ADDED ENTRY--TOPICAL TERM
Topical term or geographic name entry element Volcanic eruptions
773 ## - HOST ITEM ENTRY
Main entry heading Natural Hazards
909 ## -
-- 46541
Holdings
Withdrawn status Lost status Damaged status Not for loan Permanent Location Current Location Date acquired Serial Enumeration / chronology Barcode Date last seen Price effective from Koha item type
        Indian Institute of Public Administration Indian Institute of Public Administration 2018-07-19 Volume no: 21, Issue no: 2-3 AR46969 2018-07-19 2018-07-19 Articles

Powered by Koha